000 00918cad a22002175a 4500
001 L153047
008 110527s2011 xxk f 000 0 eng d
035 _a(Sirsi) u153047
041 0 _aeng
050 0 4 _a346.4104346
110 2 _aLeasehold Advisory Service
_93510
245 0 0 _aLeasehold retirement housing
_byour rights and responsibilities
260 _aLondon
_bLEASE
_c[2011?]
520 _aGuidance for leaseholders living in retirement housing schemes. It is intended to provide a guide to the various procedures available to remedy problems with the management of the scheme.
590 _aKA
651 4 _aENGLAND AND WALES
710 1 _aAdvice Information and Mediation Service
710 1 _aAssociation of Retirement Housing and Managers
856 4 0 _uhttps://www.lease-advice.org/publications/documents/document.asp?item=22#26
_zView the item free of charge at www.lease-advice.org
942 _n0
999 _c112347
_d112347